Normal view
MARC view
- Women
Entry Topical Term
001 - CONTROL NUMBER
- control field: 91486
003 - CONTROL NUMBER IDENTIFIER
- control field: NUST
005 - DATE AND TIME OF LATEST TRANSACTION
- control field: 20220510163703.0
008 - FIXED-LENGTH DATA ELEMENTS
- fixed length control field: 220510|| aca||aabn | a|a d
040 ## - CATALOGING SOURCE
- Original cataloging agency: NUST
- Transcribing agency: NUST
150 ## - HEADING--TOPICAL TERM
- Topical term or geographic name entry element: Women
- General subdivision: Education
- Geographic subdivision: Pakistan
- Geographic subdivision: Khyber Pakhtunkhwa
670 ## - SOURCE DATA FOUND
- Source citation: Work cat.: (NUST)0: Jamal, Aamir, author. 91484, The gatekeepers :
